Städte in Sachsen - Sudden Death - Statistiken

Allgemein
  • Dieses Quiz wurde 334 mal gespielt
  • Das Durchschnittsergebnis liegt bei 9 aus 15
Answers on the Grid
Answers color-coded by a green-red scale on the quiz's grid according to % correct below.
Altenburg
Arnstadt
Bad Langensalz
Bad Schandau
Bautzen
Berlin
Chemnitz
Dresden
Eisenach
Eisenach
Eisenberg
Eisenhüttenstadt
Erfurt
Freiberg
Freital
Gera
Glauchau
Görlitz
Jena
Leipzig
Mühlau
Mühlhausen
Penig
Pirna
Plauen
Saalfeld
Suhl
Waldenburg
Weimar
Zwickau
 
Antwortstatistiken
Antwort % Korrekt
Dresden
81%
Zwickau
78%
Chemnitz
77%
Leipzig
77%
Bautzen
73%
Görlitz
72%
Pirna
70%
Plauen
69%
Freiberg
60%
Freital
60%
Glauchau
53%
Bad Schandau
46%
Penig
25%
Mühlau
20%
Waldenburg
16%
Keine übereinstimmenden Quizze gefunden
Verteilung der Resultate
Anzahl Personen mit jedem Resultat
Perzentil nach korrekt beantworteten Fragen
Ihre Resultats-Entwicklung
Sie haben dieses Quiz noch nicht gespielt